000 00446nam a2200169Ia 4500
008 230718s9999 xx 000 0 und d
020 _a9781593156329
041 _aeng
082 _a158.1
_bTRA
100 _aTracy B.
245 _aNo Excuses!
_bThe Power Of Self Discipline
260 _c2010
_bVanguard Press
300 _a293
365 _cRs.
_b414.00
700 _aTracy B.
906 _dO:0188222-Jul-2011B:824117-Jun-2011
_cGENRL
_b103.5
999 _c328114
_d328114